000 00459nam a22001937a 4500
003 MPLRDC
005 20220104173107.0
008 210129b ||||| |||| 00| 0 eng d
020 _a0-340-18253-9
082 _a398 TAV-2
100 _aDERYCK TAVERNER
245 _aHUMAN BIOLOGY
_c
250 _a一版二刷
260 _a
_bDOVER PUBLICATIONS, INC.
_c1974
300 _b
490 _aTEACH YOURSELF BOOK
650 _a
942 _cBK
_o398 TAV-2
999 _c59262
_d59252